<?xml version="1.0" encoding="UTF-8"?>
<record
    xmlns:xsi="http://www.w3.org/2001/XMLSchema-instance"
    xsi:schemaLocation="http://www.loc.gov/MARC21/slim http://www.loc.gov/standards/marcxml/schema/MARC21slim.xsd"
    xmlns="http://www.loc.gov/MARC21/slim">

  <leader>01069cam a2200253   4500</leader>
  <controlfield tag="005">20250626124222.0</controlfield>
  <controlfield tag="008">      t20062006sp a                spa  </controlfield>
  <datafield tag="020" ind1=" " ind2=" ">
    <subfield code="a">8496489329 (obra completa)</subfield>
  </datafield>
  <datafield tag="020" ind1=" " ind2=" ">
    <subfield code="a">8496489337 (volumen I)</subfield>
  </datafield>
  <datafield tag="050" ind1="0" ind2="4">
    <subfield code="a">PN6021 </subfield>
    <subfield code="b">C38 2006</subfield>
  </datafield>
  <datafield tag="100" ind1="1" ind2=" ">
    <subfield code="a">Chateaubriand, F. A. (vizconde)</subfield>
  </datafield>
  <datafield tag="245" ind1="1" ind2="0">
    <subfield code="a">Memorias de ultratumba /</subfield>
    <subfield code="c">Francois de Chateaubriand ; tr. Jos&#xE9; Ram&#xF3;n Moreal.</subfield>
  </datafield>
  <datafield tag="250" ind1=" " ind2=" ">
    <subfield code="a">Primera edici&#xF3;n</subfield>
  </datafield>
  <datafield tag="260" ind1=" " ind2=" ">
    <subfield code="a">Barcelona :</subfield>
    <subfield code="b">Acantilado, </subfield>
    <subfield code="c">2006</subfield>
  </datafield>
  <datafield tag="300" ind1=" " ind2=" ">
    <subfield code="a">4. v. ; </subfield>
    <subfield code="c">19 cm.</subfield>
  </datafield>
  <datafield tag="504" ind1=" " ind2=" ">
    <subfield code="a">Incluye bibliograf&#xED;as</subfield>
  </datafield>
  <datafield tag="505" ind1="0" ind2=" ">
    <subfield code="t">v.1. Libros I - XII (1768-1800)- </subfield>
    <subfield code="t">V.2 Libros XIII - XXIV (1800-1815)- </subfield>
    <subfield code="g">. </subfield>
    <subfield code="t">V.3 Libro XXV-XXXIII (1815-1830)- </subfield>
    <subfield code="t">v.4 Libros XXXIV-XLII(1830-1841).</subfield>
  </datafield>
  <datafield tag="600" ind1="1" ind2=" ">
    <subfield code="a">Chateaubriand, Fran&#xE7;ois-Ren&#xE9;, </subfield>
    <subfield code="c">visconde de, </subfield>
    <subfield code="d">1768-1848</subfield>
  </datafield>
  <datafield tag="600" ind1="2" ind2=" ">
    <subfield code="a">Napole&#xF3;n I, </subfield>
    <subfield code="c">Emperador de Francia,  </subfield>
    <subfield code="d">1769-1821</subfield>
    <subfield code="x">Contempor&#xE1;neos </subfield>
  </datafield>
  <datafield tag="650" ind1=" " ind2="7">
    <subfield code="2">lemb</subfield>
    <subfield code="a">Literatura francesa </subfield>
  </datafield>
  <datafield tag="651" ind1=" " ind2="7">
    <subfield code="2">lemb</subfield>
    <subfield code="a">Francia </subfield>
    <subfield code="x">Historia</subfield>
    <subfield code="y">Consulado y Primer Imperio, 1799-1815</subfield>
  </datafield>
  <datafield tag="700" ind1="1" ind2=" ">
    <subfield code="a">Morela, Jos&#xE9; Ram&#xF3;n, </subfield>
    <subfield code="e">traductor</subfield>
  </datafield>
  <datafield tag="942" ind1=" " ind2=" ">
    <subfield code="2">lcc</subfield>
    <subfield code="c">LIB</subfield>
  </datafield>
  <datafield tag="999" ind1=" " ind2=" ">
    <subfield code="c">70396</subfield>
    <subfield code="d">70396</subfield>
  </datafield>
  <datafield tag="952" ind1=" " ind2=" ">
    <subfield code="1">0</subfield>
    <subfield code="2">lcc</subfield>
    <subfield code="4">0</subfield>
    <subfield code="7">0</subfield>
    <subfield code="a">INV-033</subfield>
    <subfield code="b">INV-033</subfield>
    <subfield code="c">GENERAL</subfield>
    <subfield code="d">2018-11-15</subfield>
    <subfield code="f">1a ed.</subfield>
    <subfield code="h">V.1</subfield>
    <subfield code="i">H</subfield>
    <subfield code="k">EH</subfield>
    <subfield code="o">PN6021 C38 2006 </subfield>
    <subfield code="p">IIH000001085</subfield>
    <subfield code="r">2018-11-15 00:00:00</subfield>
    <subfield code="t">1</subfield>
    <subfield code="v">1.00</subfield>
    <subfield code="y">LIB</subfield>
  </datafield>
  <datafield tag="952" ind1=" " ind2=" ">
    <subfield code="1">0</subfield>
    <subfield code="2">lcc</subfield>
    <subfield code="4">0</subfield>
    <subfield code="7">0</subfield>
    <subfield code="a">INV-033</subfield>
    <subfield code="b">INV-033</subfield>
    <subfield code="c">GENERAL</subfield>
    <subfield code="d">2018-11-15</subfield>
    <subfield code="f">1a ed.</subfield>
    <subfield code="h">V.II</subfield>
    <subfield code="i">H</subfield>
    <subfield code="k">EH</subfield>
    <subfield code="o">PN6021 C38 2006 </subfield>
    <subfield code="p">IIH000001084</subfield>
    <subfield code="r">2018-11-15 00:00:00</subfield>
    <subfield code="t">1</subfield>
    <subfield code="v">1.00</subfield>
    <subfield code="y">LIB</subfield>
  </datafield>
  <datafield tag="952" ind1=" " ind2=" ">
    <subfield code="1">0</subfield>
    <subfield code="2">lcc</subfield>
    <subfield code="4">0</subfield>
    <subfield code="7">0</subfield>
    <subfield code="a">INV-033</subfield>
    <subfield code="b">INV-033</subfield>
    <subfield code="c">GENERAL</subfield>
    <subfield code="d">2018-11-15</subfield>
    <subfield code="f">1a ed.</subfield>
    <subfield code="h">V.III</subfield>
    <subfield code="i">H</subfield>
    <subfield code="k">EH</subfield>
    <subfield code="o">PN6021 C38 2006 </subfield>
    <subfield code="p">IIH000001083</subfield>
    <subfield code="r">2018-11-15 00:00:00</subfield>
    <subfield code="t">1</subfield>
    <subfield code="v">1.00</subfield>
    <subfield code="y">LIB</subfield>
  </datafield>
  <datafield tag="952" ind1=" " ind2=" ">
    <subfield code="1">0</subfield>
    <subfield code="2">lcc</subfield>
    <subfield code="4">0</subfield>
    <subfield code="7">0</subfield>
    <subfield code="a">INV-033</subfield>
    <subfield code="b">INV-033</subfield>
    <subfield code="c">GENERAL</subfield>
    <subfield code="d">2018-11-15</subfield>
    <subfield code="f">1a ed.</subfield>
    <subfield code="h">V.IV</subfield>
    <subfield code="i">H</subfield>
    <subfield code="k">EH</subfield>
    <subfield code="o">PN6021 C38 2006 </subfield>
    <subfield code="p">IIH000001082</subfield>
    <subfield code="r">2018-11-15 00:00:00</subfield>
    <subfield code="t">1</subfield>
    <subfield code="v">1.00</subfield>
    <subfield code="y">LIB</subfield>
  </datafield>
</record>
